000 00527nam a2200193Ia 4500
005 20250326124900.0
008 250326s9999 xx 000 0 und d
037 _aTextbook
040 _aFMSL
_beng
_cFMSL
041 _aeng
_2eng
084 _aX:8D.1 N2;8
_qFMSL
100 _aSchapiro A C
_9738159
245 0 _aMultinational ficial management
_cSchapiro A C
250 _a4
260 _aLondon
_bLondon, Allyn and Bacon
_c1992
300 _a729p
942 _cTB
_hX:8D.1 N2;8
999 _c1275624
_d1275624